| 000 | 01262nac a22003495a 4500 | ||
|---|---|---|---|
| 003 | EG-ScBUE | ||
| 005 | 20221030094221.0 | ||
| 008 | 090525t2000 enka f b 001 0 eng d | ||
| 020 | _a0632057718 (pbk.) | ||
| 020 | _a9780632057719 | ||
| 040 |
_aEG-ScBUE _beng _erda _cEG-ScBUE _dEG-ScBUE |
||
| 082 | 0 | 4 |
_a721 _bNEU _222 |
| 100 | 1 |
_aNeufert, Ernst, _eauthor. _95230 |
|
| 245 | 1 | 0 |
_aArchitects' data / _cErnst and Peter Neufert. |
| 250 |
_aThird edition, _bEnglish language edition. |
||
| 264 | 1 |
_aOxford : _bBlackwell Science, _c[2000] |
|
| 264 | 4 | _cc2000 | |
| 300 |
_aix, 636 pages : _billustrations ; _c30 cm |
||
| 336 |
_2rdacontent _atext _btxt |
||
| 337 |
_2rdamedia _aunmediated _bn |
||
| 338 |
_2rdacarrier _avolume _bnc |
||
| 504 | _aIncludes bibliographical references and index. | ||
| 590 | _aCatalogued By: Mostafa El-Helaly | ||
| 650 | 7 |
_aBuilding _vHandbooks. _2BUEsh _95231 |
|
| 650 | 7 |
_aBuilding _xPlanning _vHandbooks. _2BUEsh _95232 |
|
| 650 | 7 |
_aArchitecture _vHandbooks. _2BUEsh _95233 |
|
| 651 | _2BUEsh | ||
| 653 |
_bENGARC _cAugust2015 |
||
| 655 |
_aPrinciples of Law and Design Applications- Year 1 _xEngineering _ySemester 2. 2008/2009 _vProjects - Students |
||
| 700 | 1 |
_aNeufert, Peter, _eauthor. _95234 |
|
| 942 |
_2ddc _cBB |
||
| 999 |
_c22520 _d22492 |
||